Problem solving, abstraction, and design using C++ / (Record no. 61799)
[ view plain ]
| 000 -LEADER | |
|---|---|
| fixed length control field | 01112pam a2200277 a 4500 |
| 001 - CONTROL NUMBER | |
| control field | 634032 |
| 003 - CONTROL NUMBER IDENTIFIER | |
| control field | NUST-PNEC |
| 005 - DATE AND TIME OF LATEST TRANSACTION | |
| control field | 20170116180731.0 |
| 008 - FIXED-LENGTH DATA ELEMENTS--GENERAL INFORMATION | |
| fixed length control field | 930527s1993 mau 001 0 eng |
| 010 ## - LIBRARY OF CONGRESS CONTROL NUMBER | |
| LC control number | 93014288 |
| 020 ## - INTERNATIONAL STANDARD BOOK NUMBER | |
| International Standard Book Number | 0201526492 |
| 040 ## - CATALOGING SOURCE | |
| Original cataloging agency | DLC |
| Transcribing agency | PNEC |
| Modifying agency | DLC |
| 050 00 - LIBRARY OF CONGRESS CALL NUMBER | |
| Classification number | QA76.73.C153 |
| Item number | F75 1993 |
| 082 00 - DEWEY DECIMAL CLASSIFICATION NUMBER | |
| Classification number | 005.133 FRI |
| Edition number | 20 |
| 100 1# - MAIN ENTRY--PERSONAL NAME | |
| Personal name | Friedman, Frank L. |
| 245 10 - TITLE STATEMENT | |
| Title | Problem solving, abstraction, and design using C++ / |
| Statement of responsibility, etc. | Frank L. Friedman, Elliot B. Koffman. |
| 260 ## - PUBLICATION, DISTRIBUTION, ETC. | |
| Place of publication, distribution, etc. | Reading, Mass. : |
| Name of publisher, distributor, etc. | Addison-Wesley, |
| Date of publication, distribution, etc. | c1993. |
| 300 ## - PHYSICAL DESCRIPTION | |
| Extent | xvi, 888, 44, 10 p. ; |
| Dimensions | 24 cm. |
| 500 ## - GENERAL NOTE | |
| General note | Includes index. |
| 650 #0 - SUBJECT ADDED ENTRY--TOPICAL TERM | |
| Topical term or geographic name entry element | C++ (Computer program language) |
| General subdivision | Computer, MIS |
| 700 1# - ADDED ENTRY--PERSONAL NAME | |
| Personal name | Koffman, Elliot B. |
| 856 ## - ELECTRONIC LOCATION AND ACCESS | |
| Uniform Resource Identifier | <a href="http://www.amazon.com/Problem-Solving-Abstraction-Design-Using/dp/0201526492/ref=sr_1_1?s=books&ie=UTF8&qid=1416061232&sr=1-1&keywords=0201526492">http://www.amazon.com/Problem-Solving-Abstraction-Design-Using/dp/0201526492/ref=sr_1_1?s=books&ie=UTF8&qid=1416061232&sr=1-1&keywords=0201526492</a> |
| 906 ## - LOCAL DATA ELEMENT F, LDF (RLIN) | |
| a | 7 |
| b | cbc |
| c | orignew |
| d | 1 |
| e | ocip |
| f | 19 |
| g | y-gencatlg |
| 942 ## - ADDED ENTRY ELEMENTS (KOHA) | |
| Source of classification or shelving scheme | |
| Koha item type | Book |
| Withdrawn status | Lost status | Source of classification or shelving scheme | Damaged status | Not for loan | Permanent Location | Current Location | Shelving location | Date acquired | Cost, normal purchase price | Total Checkouts | Full call number | Barcode | Date last seen | Date last checked out | Cost, replacement price | Price effective from | Koha item type |
|---|---|---|---|---|---|---|---|---|---|---|---|---|---|---|---|---|---|
| Pakistan Navy Engineering College (PNEC) | Pakistan Navy Engineering College (PNEC) | 02/01/2002 | 115.00 | 1 | 005.133 FRI | PNECLIB-021798 | 12/02/2016 | 12/02/2016 | 115.00 | 02/01/2002 | Book |
